LIBRARY & INFORMATION CENTRE, KCAET, TAVANUR

ONLINE PUBLIC ACCESS CATALOGUE (OPAC)

EFFECTS OF TILLAGE ON SOIL PHYSICAL PROPERTES IN LATERITE SOIL (Record no. 17719)

MARC details
000 -LEADER
fixed length control field 00496nam a22001577a 4500
003 - CONTROL NUMBER IDENTIFIER
control field OSt
082 ## - DEWEY DECIMAL CLASSIFICATION NUMBER
Classification number 631.7
Item number AFE
088 ## - REPORT NUMBER
Report number 581
100 ## - MAIN ENTRY--AUTHOR NAME
Personal name AFEEFA ABBAS M.V
-- AMRUTHA K V
-- CHRISWIN.A P
-- GAGAN BHARADWAJ.K
245 ## - TITLE STATEMENT
Title EFFECTS OF TILLAGE ON SOIL PHYSICAL PROPERTES IN LATERITE SOIL
260 ## - PUBLICATION, DISTRIBUTION, ETC. (IMPRINT)
Place of publication TAVANUR
Name of publisher DEPARTMENT OF SOIL AND WATER CONSERVATION ENGINEERING
Year of publication 2023
300 ## - PHYSICAL DESCRIPTION
Number of Pages 74
700 ## - ADDED ENTRY--PERSONAL NAME
Personal name ABDUL HAKKIM. V M (Guide)
700 ## - ADDED ENTRY--PERSONAL NAME
Personal name ARDRA WILSON (Guide)
942 ## - ADDED ENTRY ELEMENTS (KOHA)
Koha item type Project Report
Holdings
Collection code Home library Current library Full call number Accession Number Koha item type
Reference KAUAET KAUAET 631.7 AFE P 581 Project Report
free website counter